00226nam a2200097Ia 4500008004100000100001500041245002600056260002200082942000700104999001700111190216s9999||||xx |||||||||||||| ||und|| aBeeran N V 0aKalanavum Jyamithiyum bKerala Basha Inst cBK c37670d37670